000 01009nam0a22002531 4500
001 rc\4194860
005 20260407213353.0
021 _aRU
_b[53-12470]
035 _a(NLR Aleph) 008199559
090 _a8028004
_c8028004
100 _a20130415d1953 |||y0rusy50 ca
101 0 _arus
102 _aRU
105 _aa c |||||
200 1 _aУказания по ликвидации прохолоста свиней в совхозах
_fМ-во мясной и молочной пром-сти СССР. Отд. с.-х. пропаганды
210 _aМосква
_cБ. и.
_d1953
215 _a24 с.
_cил.
_d20
606 _aСвиньи
_xСлучка
_2psbo
712 0 1 _aСССР
_bМинистерство мясной и молочной промышленности
_bОтдел сельскохозяйственной пропаганды
_3RU\NLR\AUTH\8810142853
_9780335
801 0 _aRU
_bNLR
_gpsbo
801 1 _aRU
_bELAR
_2rusmarc
852 _aNLR
_jС90 Г-4/1923
942 _cBOOK
980 _aNB